<?xml version="1.0" encoding="UTF-8"?>
<collection xmlns:xsi="http://www.w3.org/2001/XMLSchema-instance" xsi:schemaLocation="http://www.loc.gov/MARC21/slim http://www.loc.gov/standards/marcxml/schema/MARC21slim.xsd" xmlns="http://www.loc.gov/MARC21/slim">
 <record>
  <leader>00000cab a22000004cb4500</leader>
  <controlfield tag="001">IPP-00000664980</controlfield>
  <controlfield tag="003">IPP</controlfield>
  <controlfield tag="005">20260413173608.0</controlfield>
  <controlfield tag="008">260413s2021    xx     d | ||r |||||eng||</controlfield>
  <datafield tag="041" ind1="#" ind2="#">
   <subfield code="a">eng</subfield>
  </datafield>
  <datafield tag="100" ind1="1" ind2="#">
   <subfield code="a">Antonio, Carl Abelardo T.</subfield>
  </datafield>
  <datafield tag="245" ind1="1" ind2="0">
   <subfield code="a">Facilitators and barriers to the implementation of selected local tuberculosis control programs in the Province of Laguna, Philippines</subfield>
  </datafield>
  <datafield tag="264" ind1="#" ind2="1">
   <subfield code="c">2021</subfield>
  </datafield>
  <datafield tag="300" ind1="#" ind2="#">
   <subfield code="b">chart; table; references</subfield>
  </datafield>
  <datafield tag="520" ind1="#" ind2="#">
   <subfield code="a">This paper aimed to determine the facilitating and hindering factors in the implementation of local tuberculosis (TB) control programs in two purposively selected localities in the Province of Laguna, Philippines. Transcripts of semi-structured interviews with six policymakers and program implementers at the regional, provincial, and city/municipal levels were qualitatively analyzed in accordance with the method of Miles and co-authors and validated through triangulation and informant/stakeholder feedback. Identified facilitating factors include 1) allocation and mobilization of human, material, and financial resources to support the implementation of program activities; 2) supervision and monitoring of program implementation; 3) formation and mobilization of partnerships with the other government agencies and the private sector; and 4) streamlining and improvement of existing processes and technologies. Hindering factors were: 1) mismatch in demand and supply for program-related resources; 2) variation in the diagnostic and treatment strategies employed by providers; 3) focus on service provision and reduced attention to activities focused on more upstream factors; and 4) external program drivers. In a decentralized healthcare setting such as the Philippines, local governments play an important role in implementing health programs designed to achieve national and even global health goals. Program managers and implementers will need to design strategies to leverage the identified facilitating factors and mitigate the effects, if not totally prevent the emergence, of hindering factors to implementation of the local TB prevention and control program.</subfield>
  </datafield>
  <datafield tag="650" ind1="1" ind2="0">
   <subfield code="a">Tuberculosis prevention</subfield>
  </datafield>
  <datafield tag="650" ind1="2" ind2="0">
   <subfield code="a">Tuberculosis in children</subfield>
  </datafield>
  <datafield tag="700" ind1="1" ind2="#">
   <subfield code="a">Guevarra, Jonathan P.</subfield>
  </datafield>
  <datafield tag="700" ind1="1" ind2="#">
   <subfield code="a">Medina, Paolo Victor N.</subfield>
  </datafield>
  <datafield tag="700" ind1="1" ind2="#">
   <subfield code="a">Roxas, Evalyn A.</subfield>
  </datafield>
  <datafield tag="700" ind1="1" ind2="#">
   <subfield code="a">Cavinta, Lolita L.</subfield>
  </datafield>
  <datafield tag="700" ind1="1" ind2="#">
   <subfield code="a">Manalo, Jorel A.</subfield>
  </datafield>
  <datafield tag="700" ind1="1" ind2="#">
   <subfield code="a">Ortega, Dorothy Jean N.</subfield>
  </datafield>
  <datafield tag="700" ind1="1" ind2="#">
   <subfield code="a">Cengca, Ma. Rhenea Anne M.</subfield>
  </datafield>
  <datafield tag="700" ind1="1" ind2="#">
   <subfield code="a">Lota, Rosario Clarissa Marie M.</subfield>
  </datafield>
  <datafield tag="700" ind1="1" ind2="#">
   <subfield code="a">Geocaniga-Gaviola, Donna Mae</subfield>
  </datafield>
  <datafield tag="700" ind1="1" ind2="#">
   <subfield code="a">Garfin, Anna Marie Celina G.</subfield>
  </datafield>
  <datafield tag="773" ind1="0" ind2="#">
   <subfield code="t">Philippine Journal of Science</subfield>
   <subfield code="g">Vol. 150, no. 6A (Dec. 2021), 1501-1506</subfield>
  </datafield>
  <datafield tag="942" ind1="#" ind2="#">
   <subfield code="a">Article</subfield>
  </datafield>
  <datafield tag="950" ind1="#" ind2="#">
   <subfield code="a">FI</subfield>
  </datafield>
 </record>
</collection>
